[Event "AUT-ch Seniors 65"]
[Site "Vienna"]
[Date "2023.05.20"]
[Round "6"]
[White "Opl, Klaus"]
[Black "Pingitzer, Guenther"]
[Result "1-0"]
[WhiteElo "2143"]
[BlackElo "1846"]
[PlyCount "119"]
[EventDate "2023.05.15"]
[EventType "swiss"]
[EventRounds "7"]
[EventCountry "AUT"]
[SourceTitle "CBM 214 Extra"]
[Source "ChessBase"]
[SourceDate "2023.07.31"]
[SourceVersion "1"]
[SourceVersionDate "2023.07.31"]
[SourceQuality "1"]

1. Nf3 c5 2. c4 Nc6 3. e3 e6 4. Nc3 Nf6 5. b3 d5 6. cxd5 exd5 7. d4 cxd4 8. Nxd4 Bb4 9. Bd2 Nxd4 10. exd4 0-0 11. Be2 Bf5 12. 0-0 Rc8 13. Na4 Ba3 14. Bc1 Bc2 15. Qd2 Ne4 16. Qe3 Bb4 17. Bd3 Re8 18. Bxc2 Rxc2 19. Qd3 Rc6 20. Be3 Qa5 21. a3 Bd6 22. f3 b5 23. fxe4 dxe4 24. Qd1 bxa4 25. d5 Rc3 26. b4 Qc7 27. Qxa4 Ra8 28. Bd4 Rc4 29. Rad1 Rxd4 30. Rxd4 Qb6 31. Rfd1 Be5 32. b5 Rd8 33. Kh1 Bxd4 34. Qxd4 Qxd4 35. Rxd4 f5 36. Kg1 Kf7 37. Ra4 Rd7 38. Ra6 Ke7 39. Kf2 f4 40. Re6+ Kd8 41. Rxe4 Rxd5 42. a4 g5 43. h4 h6 44. Re6 Rd2+ 45. Kf3 Rd3+ 46. Ke2 Ra3 47. Rxh6 Ra2+ 48. Kf3 Ra3+ 49. Kg4 Rg3+ 50. Kf5 Rxg2 51. hxg5 f3 52. Rf6 Ke7 53. Kg6 f2 54. a5 Kd7 55. b6 axb6 56. axb6 Kc8 57. Rf7 Kb8 58. Kh6 Rh2+ 59. Kg7 Rh5 60. g6 1-0

[Event "Bodensee op Seniors 6th"]
[Site "Bregenz"]
[Date "2022.05.24"]
[Round "3"]
[White "Bauder, Herbert"]
[Black "Opl, Klaus"]
[Result "1/2-1/2"]
[WhiteElo "1952"]
[BlackElo "2145"]
[PlyCount "83"]
[EventDate "2022.05.22"]
[EventType "swiss"]
[EventRounds "7"]
[EventCountry "AUT"]
[SourceTitle "CBM 208 Extra"]
[Source "ChessBase"]
[SourceDate "2022.07.31"]
[SourceVersion "1"]
[SourceVersionDate "2022.07.31"]
[SourceQuality "1"]

1. d4 Nf6 2. Nf3 e6 3. c4 b6 4. a3 Bb7 5. Nc3 d5 6. Bg5 Be7 7. e3 Nbd7 8. Be2 0-0 9. 0-0 h6 10. Bh4 dxc4 11. Bxc4 c5 12. Be2 Ne4 13. Bxe7 Qxe7 14. Nxe4 Bxe4 15. Bd3 Bb7 16. Qe2 cxd4 17. exd4 Nf6 18. Ba6 Bxa6 19. Qxa6 Nd5 20. Rac1 Rfd8 21. Rc2 Qf6 22. Rfc1 Qf5 23. h3 Nf4 24. Rc3 Qg6 25. g3 Nxh3+ 26. Kf1 Ng5 27. Ne5 Qe4 28. f3 Qf5 29. g4 Qf4 30. Qd3 Qxd4 31. Qe2 Qd2 32. Nc6 Qxe2+ 33. Kxe2 Rd7 34. Ne5 Rd5 35. f4 Ne4 36. Rc8+ Rd8 37. R8c7 f6 38. Nc6 Rd2+ 39. Ke3 f5 40. Ne7+ Kh8 41. gxf5 exf5 42. Nxf5 1/2-1/2

[Event "EUR-chT Seniors 50"]
[Site "Mali Losinj"]
[Date "2019.09.21"]
[Round "4.3"]
[White "Opl, Klaus"]
[Black "Wegerer, Fred"]
[Result "0-1"]
[WhiteElo "2207"]
[BlackElo "2171"]
[PlyCount "74"]
[EventDate "2019.09.18"]
[EventType "team-swiss"]
[EventRounds "9"]
[EventCountry "CRO"]
[SourceTitle "EXT 2020"]
[Source "ChessBase"]
[SourceDate "2019.10.17"]
[SourceVersion "1"]
[SourceVersionDate "2019.10.17"]
[SourceQuality "1"]
[WhiteTeam "Austria 50"]
[BlackTeam "Steiermark 50"]
[WhiteTeamCountry "AUT"]
[BlackTeamCountry "AUT"]

1. e4 c5 2. Nf3 e6 3. d4 cxd4 4. Nxd4 Nf6 5. Nc3 Nc6 6. Ndb5 Bc5 7. Be3 Bxe3 8. Nd6+ Ke7 9. fxe3 Qb6 10. Nc4 Qc5 11. Na4 Qg5 12. Qd6+ Kd8 13. Nc3 Ne8 14. Qf4 Qc5 15. e5 f6 16. exf6 gxf6 17. 0-0-0 Qg5 18. Qe4 Ke7 19. h4 Qg6 20. Qf3 d5 21. Rxd5 exd5 22. Nxd5+ Kf8 23. e4 Be6 24. Qa3+ Kg7 25. Nf4 Qh6 26. Qg3+ Kf7 27. Ne3 Rg8 28. Qf2 Nd6 29. Nxe6 Kxe6 30. Kb1 Ne5 31. Qd2 Rad8 32. Qc3 Rg3 33. Qb3+ Kd7 34. Bb5+ Kc8 35. Qe6+ Kb8 36. Rd1 Rxe3 37. a4 Qf8 0-1

[Event "EUR-chT Seniors 50"]
[Site "Mali Losinj"]
[Date "2019.09.20"]
[Round "3.4"]
[White "Opl, Klaus"]
[Black "Lewis, Andrew P"]
[Result "1-0"]
[WhiteElo "2207"]
[BlackElo "2294"]
[PlyCount "63"]
[EventDate "2019.09.18"]
[EventType "team-swiss"]
[EventRounds "9"]
[EventCountry "CRO"]
[SourceTitle "EXT 2020"]
[Source "ChessBase"]
[SourceDate "2019.10.17"]
[SourceVersion "1"]
[SourceVersionDate "2019.10.17"]
[SourceQuality "1"]
[WhiteTeam "Austria 50"]
[BlackTeam "England 50"]
[WhiteTeamCountry "AUT"]
[BlackTeamCountry "ENG"]

1. e4 c5 2. Nf3 Nc6 3. d4 cxd4 4. Nxd4 e6 5. Nc3 Qc7 6. Be3 a6 7. Bd3 Nf6 8. 0-0 Ne5 9. h3 Bc5 10. Qe2 d6 11. f4 Ng6 12. Kh1 0-0 13. Rae1 Bd7 14. Bg1 Qb6 15. e5 Ne8 16. Rd1 Qxb2 17. Rf3 Nh4 18. Rg3 g6 19. Be4 Ng7 20. Rb1 Qa3 21. Rd3 Qa5 22. exd6 Bxd4 23. Bxd4 Nhf5 24. Bb6 Qa3 25. Qe1 Ba4 26. Nxa4 Qxa4 27. d7 Rad8 28. Qb4 Qxc2 29. Rc3 Qe2 30. Bxd8 Rxd8 31. Bxf5 Nxf5 32. Rc8 1-0

[Event "WchT Seniors 65"]
[Site "Rhodes"]
[Date "2019.04.20"]
[Round "5.7"]
[White "Baruch, Andrew JD"]
[Black "Opl, Klaus"]
[Result "1/2-1/2"]
[WhiteElo "2039"]
[BlackElo "2188"]
[PlyCount "51"]
[EventDate "2019.04.16"]
[EventType "team-swiss"]
[EventRounds "9"]
[EventCountry "GRE"]
[SourceTitle "CBM 190 Extra"]
[Source "ChessBase"]
[SourceDate "2019.07.15"]
[SourceVersion "1"]
[SourceVersionDate "2019.07.15"]
[SourceQuality "1"]
[WhiteTeam "England III"]
[BlackTeam "Vienna"]
[WhiteTeamCountry "ENG"]
[BlackTeamCountry "AUT"]

1. c4 Nf6 2. g3 g6 3. Bg2 Bg7 4. Nc3 0-0 5. Nf3 d6 6. 0-0 Nc6 7. d3 Nh5 8. Rb1 f5 9. Nd5 e6 10. Bg5 Qd7 11. Nf4 Nxf4 12. Bxf4 e5 13. Bd2 f4 14. b4 h6 15. b5 Ne7 16. Qb3 g5 17. Bc3 Nf5 18. Nd2 Kh8 19. c5 dxc5 20. Ne4 Qe7 21. Qc4 Nd4 22. Bxd4 cxd4 23. Rbc1 Rf7 24. Nc5 Rb8 25. Bd5 Rf8 26. Ne6 1/2-1/2

[Event "WchT Seniors 65"]
[Site "Rhodes"]
[Date "2019.04.18"]
[Round "3.8"]
[White "Scrimgour, Alan"]
[Black "Opl, Klaus"]
[Result "1/2-1/2"]
[WhiteElo "2087"]
[BlackElo "2188"]
[PlyCount "46"]
[EventDate "2019.04.16"]
[EventType "team-swiss"]
[EventRounds "9"]
[EventCountry "GRE"]
[SourceTitle "CBM 190 Extra"]
[Source "ChessBase"]
[SourceDate "2019.07.15"]
[SourceVersion "1"]
[SourceVersionDate "2019.07.15"]
[SourceQuality "1"]
[WhiteTeam "Scotland II"]
[BlackTeam "Vienna"]
[WhiteTeamCountry "SCO"]
[BlackTeamCountry "AUT"]

1. e4 e5 2. f4 exf4 3. Bc4 Nc6 4. d4 g5 5. Ne2 Bg7 6. 0-0 d6 7. c3 Nf6 8. Nd2 0-0 9. g3 Bh3 10. gxf4 Bxf1 11. Qxf1 d5 12. fxg5 dxc4 13. gxf6 Qxf6 14. Qxf6 Bxf6 15. Nxc4 Kh8 16. Bf4 Rg8+ 17. Kf2 Rae8 18. Kf3 Rg6 19. Ne3 Bg5 20. Bxc7 Bxe3 21. Kxe3 f5 22. Ng3 fxe4 23. Rf1 Rg7 1/2-1/2

[Event "AUT-ch Seniors 50"]
[Site "Vienna"]
[Date "2017.02.09"]
[Round "4.4"]
[White "Ernst, Michael"]
[Black "Opl, Klaus"]
[Result "1-0"]
[WhiteElo "2110"]
[BlackElo "1967"]
[PlyCount "95"]
[EventDate "2017.02.06"]
[EventType "swiss"]
[EventRounds "7"]
[EventCountry "AUT"]
[SourceTitle "EXT 2024"]
[Source "ChessBase"]
[SourceDate "2023.10.10"]
[SourceVersion "1"]
[SourceVersionDate "2023.10.10"]
[SourceQuality "1"]

1. d4 Nf6 2. c4 g6 3. Nc3 Bg7 4. e4 d6 5. h3 0-0 6. Nf3 e5 7. d5 a5 8. Bg5 Na6 9. Nd2 h6 10. Be3 Nd7 11. g4 Ndc5 12. h4 f5 13. gxf5 gxf5 14. Qh5 Qe8 15. Qxe8 Rxe8 16. 0-0-0 Bd7 17. Be2 b6 18. Rdg1 f4 19. Bxc5 bxc5 20. Bg4 Bxg4 21. Rxg4 Kf7 22. Nb5 Bf6 23. Nf3 Rg8 24. Rhg1 Rxg4 25. Rxg4 Rg8 26. Rxg8 Kxg8 27. a3 Kf7 28. h5 Ke7 29. Kc2 Kd7 30. Kb3 Bd8 31. Ka4 Nb8 32. Nh2 c6 33. Nc3 cxd5 34. cxd5 Na6 35. Ng4 c4 36. Kb5 Nc5 37. Kxc4 a4 38. Nxh6 Ke7 39. Nf5+ Kd7 40. Nxd6 Bh4 41. f3 Nb3 42. Nf5 Nd2+ 43. Kd3 Nxf3 44. Nxh4 Nxh4 45. Nxa4 Kd6 46. Nc3 Nf3 47. h6 Ng5 48. b4 1-0

[Event "AUT-ch Seniors 65"]
[Site "Vienna"]
[Date "2017.02.06"]
[Round "1.1"]
[White "Somasundram, Jayakumar"]
[Black "Opl, Klaus"]
[Result "1-0"]
[WhiteElo "1858"]
[BlackElo "2214"]
[PlyCount "83"]
[EventDate "2017.02.06"]
[EventType "swiss"]
[EventRounds "7"]
[EventCountry "AUT"]
[SourceTitle "EXT 2024"]
[Source "ChessBase"]
[SourceDate "2023.10.10"]
[SourceVersion "1"]
[SourceVersionDate "2023.10.10"]
[SourceQuality "1"]

1. e4 e5 2. Nc3 Nf6 3. Bc4 Nc6 4. d3 Bb4 5. Nge2 d6 6. a3 Ba5 7. b4 Bb6 8. Na4 Be6 9. Nxb6 axb6 10. Bxe6 fxe6 11. 0-0 Nxb4 12. Bg5 Nc6 13. f4 0-0 14. fxe5 dxe5 15. c3 h6 16. Bh4 g5 17. Be1 Qe7 18. Ng3 Rxa3 19. Rb1 Raa8 20. Bd2 Rad8 21. Qe2 Qg7 22. Rf2 Ne7 23. Rbf1 Ng6 24. d4 Nf4 25. Qc4 Qf7 26. h3 Qd7 27. dxe5 N6h5 28. Nxh5 Nxh5 29. Rxf8+ Rxf8 30. Rxf8+ Kxf8 31. Qe2 Qf7 32. h4 Ng3 33. Qd3 gxh4 34. Bxh6+ Ke8 35. Bg5 Qd7 36. Qf3 Qh7 37. Qd3 Kf7 38. Qf3+ Kg8 39. Qf6 Qf7 40. Qd8+ Kh7 41. Qd3 Nxe4 42. Qxe4+ 1-0

[Event "WchT Seniors 65"]
[Site "Radebeul"]
[Date "2016.06.29"]
[Round "4.1"]
[White "Opl, Klaus"]
[Black "Schmidt, Gerhard"]
[Result "1-0"]
[WhiteElo "2230"]
[BlackElo "2077"]
[PlyCount "75"]
[EventDate "2016.06.26"]
[EventType "team-swiss"]
[EventRounds "9"]
[EventCountry "GER"]
[SourceTitle "CBM 173 Extra"]
[Source "ChessBase"]
[SourceDate "2016.08.29"]
[SourceVersion "1"]
[SourceVersionDate "2016.08.29"]
[SourceQuality "1"]
[WhiteTeam "Wien"]
[BlackTeam "Saxone"]
[WhiteTeamCountry "AUT"]
[BlackTeamCountry "GER"]

1. e4 c5 2. Nf3 d6 3. d4 cxd4 4. Nxd4 Nf6 5. Nc3 g6 6. Be3 Bg7 7. Be2 0-0 8. Nb3 Nc6 9. 0-0 Be6 10. f4 Qc8 11. Qe1 d5 12. e5 Ne4 13. Nxe4 dxe4 14. Nc5 Bf5 15. c3 b6 16. Nb3 f6 17. exf6 exf6 18. Rd1 Rd8 19. Rxd8+ Nxd8 20. Nd4 Bd7 21. f5 g5 22. h4 h6 23. Qg3 Nf7 24. Bd1 Qb8 25. Qg4 Qe5 26. Bb3 Re8 27. Qh5 Re7 28. hxg5 hxg5 29. Bxg5 fxg5 30. f6 Qxf6 31. Rxf6 Bxf6 32. Qg6+ Bg7 33. Ne2 e3 34. Qxg5 Kf8 35. Qh5 Ne5 36. Qh7 Nf7 37. Nf4 e2 38. Ng6+ 1-0

[Event "EU-chT Seniors"]
[Site "Vienna"]
[Date "2015.07.15"]
[Round "4.11"]
[White "Opl, Klaus"]
[Black "Lofgren, Claes"]
[Result "0-1"]
[WhiteElo "2213"]
[BlackElo "2102"]
[PlyCount "86"]
[EventDate "2015.07.12"]
[EventType "team-swiss"]
[EventRounds "9"]
[EventCountry "AUT"]
[SourceTitle "EXT 2018"]
[Source "ChessBase"]
[SourceDate "2017.10.13"]
[SourceVersion "1"]
[SourceVersionDate "2017.10.13"]
[SourceQuality "1"]
[WhiteTeam "Wien 75+"]
[BlackTeam "Denmark"]
[WhiteTeamCountry "AUT"]
[BlackTeamCountry "DEN"]

1. d4 Nf6 2. c4 e6 3. Nc3 Bb4 4. e3 c5 5. Bd3 Nc6 6. Nge2 cxd4 7. exd4 d5 8. a3 dxc4 9. Bxc4 Be7 10. 0-0 0-0 11. Be3 a6 12. Ba2 b5 13. Qc2 Bb7 14. Rad1 Rc8 15. Nf4 Na5 16. Qd3 Nc4 17. Bc1 Qd6 18. Rfe1 Nxb2 19. Bxb2 Qxf4 20. d5 Bc5 21. Qg3 Qxg3 22. hxg3 exd5 23. Nxd5 Nxd5 24. Bxd5 Bxd5 25. Rxd5 Rfd8 26. Rxd8+ Rxd8 27. Rc1 Rd5 28. Kf1 h5 29. Rc2 Kf8 30. Ke2 g6 31. f3 Ke7 32. g4 hxg4 33. fxg4 Kd7 34. Bc1 a5 35. Rc3 b4 36. axb4 axb4 37. Rf3 Ke6 38. Rb3 Re5+ 39. Kf3 Kd5 40. Bd2 Kc4 41. Rb2 b3 42. Bf4 Re1 43. Bg3 Re3+ 0-1

[Event "WchT Seniors 65"]
[Site "Dresden"]
[Date "2015.02.25"]
[Round "2.1"]
[White "Opl, Klaus"]
[Black "Balashov, Yuri S"]
[Result "0-1"]
[WhiteElo "2218"]
[BlackElo "2432"]
[PlyCount "91"]
[EventDate "2015.02.24"]
[EventType "team-swiss"]
[EventRounds "9"]
[EventCountry "GER"]
[SourceTitle "CBM 165 Extra"]
[Source "ChessBase"]
[SourceDate "2015.04.21"]
[SourceVersion "1"]
[SourceVersionDate "2015.04.21"]
[SourceQuality "1"]
[WhiteTeam "Wien"]
[BlackTeam "Russia"]
[WhiteTeamCountry "AUT"]
[BlackTeamCountry "RUS"]

1. e4 c5 2. Nf3 Nc6 3. d4 cxd4 4. Nxd4 Qb6 5. Nb3 Nf6 6. Nc3 e6 7. Bd3 a6 8. Qe2 d6 9. g4 h6 10. f4 Qc7 11. Rg1 b5 12. a4 b4 13. Nd1 Bb7 14. Ne3 Nd7 15. a5 Nc5 16. Nxc5 dxc5 17. Nc4 Nd4 18. Qe3 g5 19. Rf1 gxf4 20. Qxf4 Qxf4 21. Bxf4 Rd8 22. 0-0-0 Be7 23. Kb1 Nb5 24. Rd2 Bg5 25. Rdf2 Bxf4 26. Rxf4 Rh7 27. e5 Rg7 28. Rf6 Ke7 29. Ne3 Nd4 30. Rxh6 Nf3 31. Bxa6 Nd2+ 32. Kc1 Bxa6 33. Rd1 Nf3 34. Rd6 Rxd6 35. exd6+ Kd7 36. b3 Ne5 37. h3 Rg8 38. Rh7 Kxd6 39. h4 Nxg4 40. Nxg4 Rxg4 41. Rxf7 Rxh4 42. Ra7 Bb5 43. Rb7 Bc6 44. a6 Rd4 45. Re7 Kd5 46. Z0 0-1

[Event "WchT Seniors 65"]
[Site "Vilnius"]
[Date "2014.07.16"]
[Round "4.2"]
[White "Opl, Klaus"]
[Black "Vasiukov, Evgeni"]
[Result "1/2-1/2"]
[WhiteElo "2263"]
[BlackElo "2451"]
[PlyCount "70"]
[EventDate "2014.07.13"]
[EventType "team-swiss"]
[EventRounds "9"]
[EventCountry "LTU"]
[SourceTitle "CBM 161 Extra"]
[Source "ChessBase"]
[SourceDate "2014.08.29"]
[SourceVersion "1"]
[SourceVersionDate "2014.08.29"]
[SourceQuality "1"]
[WhiteTeam "Austria"]
[BlackTeam "Russia"]
[WhiteTeamCountry "AUT"]
[BlackTeamCountry "RUS"]

1. e4 Nf6 2. e5 Nd5 3. d4 d6 4. Nf3 Bg4 5. Be2 e6 6. 0-0 Be7 7. h3 Bh5 8. c4 Nb6 9. Nc3 0-0 10. Be3 a6 11. b3 d5 12. c5 N6d7 13. Rc1 Nc6 14. Qd2 Kh8 15. Rfe1 Qe8 16. Ng5 Bg6 17. h4 Ndxe5 18. Bf4 h6 19. dxe5 hxg5 20. hxg5 d4 21. Na4 Rd8 22. Nb2 Rd5 23. Bd3 Rxc5 24. Bxg6 Rxc1 25. Rxc1 fxg6 26. Nd3 Qd7 27. Qe2 Qd5 28. Qg4 Qe4 29. Qh3+ Kg8 30. Qxe6+ Rf7 31. Rd1 Nb4 32. Qc8+ Rf8 33. Qe6+ Rf7 34. Qc8+ Rf8 35. Qe6+ Rf7 1/2-1/2

[Event "AUT-chT2W 1213"]
[Site "Austria"]
[Date "2013.03.10"]
[Round "11.4"]
[White "Dovzik, Juri"]
[Black "Opl, Klaus"]
[Result "1/2-1/2"]
[WhiteElo "2346"]
[BlackElo "2317"]
[PlyCount "78"]
[EventDate "2012.10.05"]
[EventType "team-tourn"]
[EventRounds "11"]
[EventCountry "AUT"]
[SourceTitle "EXT 2014"]
[Source "ChessBase"]
[SourceDate "2013.11.20"]
[SourceVersion "1"]
[SourceVersionDate "2013.11.20"]
[SourceQuality "1"]
[WhiteTeam "Ranshofen"]
[BlackTeam "Mozart"]
[WhiteTeamCountry "AUT"]
[BlackTeamCountry "AUT"]

1. d4 Nf6 2. Nf3 e6 3. c4 b6 4. g3 Ba6 5. Nbd2 Bb4 6. Qc2 0-0 7. Bg2 d5 8. 0-0 Bb7 9. Rd1 Be7 10. b3 Na6 11. cxd5 Nb4 12. Qb1 exd5 13. a3 Nc6 14. Bb2 Re8 15. e3 a5 16. Qc2 Bd6 17. Rac1 Qe7 18. Ne5 Nd8 19. Qb1 c5 20. Qa1 Ne6 21. Re1 a4 22. bxa4 Rxa4 23. Nb1 c4 24. Nc3 Ra5 25. Qb1 Bxa3 26. e4 Bxb2 27. Qxb2 dxe4 28. Nxc4 Raa8 29. Nxe4 Nxe4 30. Bxe4 Ng5 31. Bxh7+ Kxh7 32. Rxe7 Nf3+ 33. Kf1 Nxh2+ 34. Kg1 Nf3+ 35. Kf1 Nh2+ 36. Kg1 Nf3+ 37. Kf1 Nh2+ 38. Ke2 Rxe7+ 39. Ne5 f6 1/2-1/2

[Event "AUT-chT2W 1213"]
[Site "Austria"]
[Date "2013.03.09"]
[Round "10.4"]
[White "Opl, Klaus"]
[Black "Engelhart, Achim"]
[Result "1/2-1/2"]
[WhiteElo "2317"]
[BlackElo "2129"]
[PlyCount "117"]
[EventDate "2012.10.05"]
[EventType "team-tourn"]
[EventRounds "11"]
[EventCountry "AUT"]
[SourceTitle "EXT 2014"]
[Source "ChessBase"]
[SourceDate "2013.11.20"]
[SourceVersion "1"]
[SourceVersionDate "2013.11.20"]
[SourceQuality "1"]
[WhiteTeam "Mozart"]
[BlackTeam "Goetzis"]
[WhiteTeamCountry "AUT"]
[BlackTeamCountry "AUT"]

1. e4 e6 2. d4 d5 3. Nd2 Nc6 4. Ngf3 Nf6 5. e5 Nd7 6. Bb5 a6 7. Bxc6 bxc6 8. Nb3 c5 9. Bg5 Be7 10. Na5 Nxe5 11. Nxe5 Bxg5 12. Nac6 Qf6 13. 0-0 Bf4 14. g3 Bxe5 15. dxe5 Qf5 16. Re1 Bd7 17. Na5 0-0 18. Nb3 c4 19. Nc5 Bc6 20. Qd4 Qxc2 21. Rac1 Qf5 22. Rc3 Rfb8 23. b3 cxb3 24. Nxb3 Bb5 25. Rxc7 Bc4 26. Re3 Qb1+ 27. Kg2 Bf1+ 28. Kf3 Qf5+ 29. Qf4 Qxf4+ 30. gxf4 Rc8 31. Rec3 Bc4 32. Rxc8+ Rxc8 33. Ke3 Rb8 34. Nd2 Bxa2 35. Ra3 Bb1 36. Rxa6 Bf5 37. Ra3 h6 38. Nf3 Kf8 39. Nd4 Bg6 40. Kf3 Rc8 41. Ke3 Kg8 42. Kf3 Kh7 43. Nb5 Rc5 44. Nd6 Rc7 45. Nb5 Rb7 46. Nd6 Rc7 47. Nb5 Rc5 48. Nd6 d4 49. Ne4 Bxe4+ 50. Kxe4 Rd5 51. Rd3 Rd7 52. f5 h5 53. fxe6 fxe6 54. f4 Kg6 55. h4 Rd8 56. Rg3+ Kf7 57. Rd3 Kg6 58. Rg3+ Kf7 59. Rd3 1/2-1/2

[Event "EU-chT Seniors"]
[Site "Rogaska Slatina"]
[Date "2012.04.03"]
[Round "8.2"]
[White "Opl, Klaus"]
[Black "Karasev, Vladimir I"]
[Result "0-1"]
[WhiteElo "2287"]
[BlackElo "2379"]
[PlyCount "90"]
[EventDate "2012.03.27"]
[EventType "team-swiss"]
[EventRounds "9"]
[EventCountry "SLO"]
[SourceTitle "CBM 147 Extra"]
[Source "ChessBase"]
[SourceDate "2012.04.24"]
[SourceVersion "1"]
[SourceVersionDate "2012.04.24"]
[SourceQuality "1"]
[WhiteTeam "Vienna (Seniors)"]
[BlackTeam "St Petersburg (Seniors)"]
[WhiteTeamCountry "AUT"]
[BlackTeamCountry "RUS"]

1. e4 c5 2. Nc3 Nc6 3. f4 d6 4. Nf3 Bg4 5. Bb5 g6 6. 0-0 Bg7 7. d3 a6 8. Bxc6+ bxc6 9. Qe1 Rb8 10. Rb1 Qa5 11. Bd2 c4 12. Nd5 Qxa2 13. Nb4 Qa5 14. Kh1 Qb5 15. dxc4 Qxc4 16. b3 Qb5 17. Bc3 Bxc3 18. Qxc3 Nf6 19. Nxc6 Rc8 20. Nfd4 Qc5 21. Qa1 Rxc6 22. Nxc6 Qxc6 23. c4 0-0 24. e5 Ne4 25. Qd4 Bf5 26. Ra1 Nc5 27. Qc3 Rb8 28. Ra3 Be4 29. Kg1 Bxg2 30. Rd1 Bf3 31. Rf1 Bg4 32. Rfa1 Bc8 33. b4 Bb7 34. Qh3 Ne6 35. exd6 Nxf4 36. Qf1 Qh1+ 37. Kf2 Qxh2+ 38. Ke1 Ng2+ 39. Kf2 Qxd6 40. Qd3 Qxb4 41. Rb1 Qc5+ 42. Kg3 Qc7+ 43. Kf2 Rd8 44. Qg3 Qc5+ 45. Kf1 Qf5+ 0-1

[Event "Budapest Spring op 28th"]
[Site "Budapest"]
[Date "2012.03.31"]
[Round "6"]
[White "Opl, Klaus"]
[Black "Bodrogi, Mihaly"]
[Result "1-0"]
[WhiteElo "2287"]
[BlackElo "2057"]
[PlyCount "33"]
[EventDate "2012.03.26"]
[EventType "swiss"]
[EventRounds "9"]
[EventCountry "HUN"]
[SourceTitle "CBM 147 Extra"]
[Source "ChessBase"]
[SourceDate "2012.04.24"]
[SourceVersion "1"]
[SourceVersionDate "2012.04.24"]
[SourceQuality "1"]

1. e4 c5 2. d4 cxd4 3. c3 Qa5 4. Nf3 Nf6 5. Bd3 d5 6. e5 dxc3 7. Nxc3 d4 8. Bb5+ Bd7 9. Nxd4 Ne4 10. e6 fxe6 11. Qh5+ Kd8 12. Nxe6+ Bxe6 13. Qe8+ Kc7 14. Bf4+ Nd6 15. Bxd6+ Kxd6 16. 0-0-0+ Ke5 17. Qh5+ 1-0

[Event "EU-chT Seniors"]
[Site "Rogaska Slatina"]
[Date "2012.03.28"]
[Round "2.1"]
[White "Mishuchkov, Nikolai Mikhailovic"]
[Black "Opl, Klaus"]
[Result "1-0"]
[WhiteElo "2431"]
[BlackElo "2287"]
[PlyCount "47"]
[EventDate "2012.03.27"]
[EventType "team-swiss"]
[EventRounds "9"]
[EventCountry "SLO"]
[SourceTitle "CBM 147 Extra"]
[Source "ChessBase"]
[SourceDate "2012.04.24"]
[SourceVersion "1"]
[SourceVersionDate "2012.04.24"]
[SourceQuality "1"]
[WhiteTeam "Russia (Seniors)"]
[BlackTeam "Vienna (Seniors)"]
[WhiteTeamCountry "RUS"]
[BlackTeamCountry "AUT"]

1. d4 Nf6 2. Nf3 e6 3. c4 b6 4. g3 Ba6 5. Qa4 c6 6. Nc3 b5 7. cxb5 cxb5 8. Nxb5 Qb6 9. Nc3 Bb4 10. Bg2 0-0 11. 0-0 Bxc3 12. bxc3 Bxe2 13. Re1 Bb5 14. Qb3 d5 15. Ne5 Rc8 16. Rb1 Bc4 17. Nxc4 Qxb3 18. axb3 Nbd7 19. Ne5 Rxc3 20. Nxd7 Nxd7 21. Bf4 Nb6 22. Bf1 h6 23. Rec1 Rac8 24. Ba6 1-0

[Event "EU-chT Seniors"]
[Site "Rogaska Slatina"]
[Date "2012.03.27"]
[Round "1.14"]
[White "Opl, Klaus"]
[Black "Hellwege, Werner"]
[Result "1-0"]
[WhiteElo "2287"]
[BlackElo "2029"]
[PlyCount "45"]
[EventDate "2012.03.27"]
[EventType "team-swiss"]
[EventRounds "9"]
[EventCountry "SLO"]
[SourceTitle "CBM 147 Extra"]
[Source "ChessBase"]
[SourceDate "2012.04.24"]
[SourceVersion "1"]
[SourceVersionDate "2012.04.24"]
[SourceQuality "1"]
[WhiteTeam "Vienna (Seniors)"]
[BlackTeam "Niedersachsen (Seniors)"]
[WhiteTeamCountry "AUT"]
[BlackTeamCountry "GER"]

1. e4 c5 2. Nf3 g6 3. d4 Bg7 4. dxc5 Qc7 5. Nc3 Qxc5 6. Nd5 Qa5+ 7. Bd2 Qd8 8. Bc3 Bxc3+ 9. Nxc3 Nc6 10. Qd2 d6 11. h3 Bd7 12. Be2 h5 13. 0-0-0 Nf6 14. Rhe1 Qa5 15. Kb1 Rc8 16. Bc4 Qc5 17. Bb3 0-0 18. Qh6 Nh7 19. Qxg6+ Kh8 20. Bxf7 Be8 21. Bxe8 Rfxe8 22. Rd5 Qxf2 23. Rxh5 1-0